Loading...
| Science - Biology | 3 | 2 | 0 | 0 | 65 | 47 | 58.80 | 2 | 5 | 28.32 | 44.44 |
| Literature - European | 2 | 1 | 0 | 0 | 40 | 34 | 54.67 | 1 | 3 | 19.86 | 26.67 |
| Beliefs | 2 | 1 | 0 | 0 | 40 | 62 | 74.33 | 1 | 3 | 9.85 | 16.92 |
| Social Science | 0 | 4 | 0 | 1 | 40 | 64 | 91.75 | 0 | 3 | 6.02 | 14.67 |
| Science - Other | 0 | 4 | 1 | 1 | 35 | 81 | 108.50 | 1 | 3 | 7.66 | 26.67 |
| Science - Physics | 0 | 4 | 4 | 0 | 20 | 81 | 98.00 | 2 | 4 | 10.32 | 32.00 |
| Literature - American | 1 | 0 | 0 | 0 | 15 | 54 | 54.00 | 0 | 1 | 5.94 | 6.00 |
| Literature - World | 1 | 0 | 0 | 0 | 15 | 76 | 76.00 | 1 | 1 | 5.37 | 11.11 |
| Philosophy | 1 | 0 | 0 | 0 | 15 | 57 | 57.00 | 0 | 1 | 6.35 | 8.89 |
| Visual Arts | 0 | 1 | 0 | 0 | 10 | 71 | 71.00 | 0 | 0 | 5.56 | 4.44 |
| Current Events | 0 | 1 | 0 | 0 | 10 | 92 | 92.00 | 0 | 1 | 8.60 | 26.67 |
| Auditory Arts | 0 | 1 | 0 | 0 | 10 | 102 | 102.00 | 0 | 0 | 3.40 | 4.44 |
| Fine Arts - Other Arts | 0 | 0 | 0 | 0 | 0 | 0.00 | 0 | 0 | 0.00 | 0.00 | |
| Science - Chemistry | 0 | 1 | 2 | 1 | 0 | 125 | 125.00 | 0 | 0 | 0.09 | 2.22 |
| History - Ancient | 0 | 0 | 1 | 0 | -5 | 0.00 | 0 | 0 | 0.00 | 0.00 |